[Event "Bad Woerishofen Sen"]
[Site "Bad Woerishofen"]
[Date "2001.??.??"]
[Round "7"]
[White "Geissler, Dieter"]
[Black "Ziltener, Werner"]
[Result "0-1"]
[WhiteElo "2070"]
[BlackElo "2049"]
[Annotator "ChessOrg"]
[PlyCount "136"]
[EventDate "1998.03.05"]
[Source "ChessBase"]
[SourceDate "1998.04.29"]

1. e4 e5 2. Nf3 Nc6 3. Nc3 Bb4 4. Nd5 Ba5 5. c3 d6 6. b4 Bb6 7. Nxb6 axb6 8.
Bc4 Nf6 9. Qe2 O-O 10. d3 h6 11. h3 Ne7 12. O-O Ng6 13. d4 Qe7 14. Re1 Be6 15.
Bxe6 Qxe6 16. Kh2 Rfe8 17. d5 Qe7 18. g3 Nh7 19. a3 Rf8 20. Qd3 Qd7 21. g4 Qe7
22. Ng1 Ng5 23. Qg3 Nh7 24. c4 Qf6 25. Nf3 Nf4 26. Re3 g5 27. Nd2 Qe7 28. Qf3
Nf6 29. Nf1 Ne8 30. Ng3 Ng7 31. Bb2 Kh7 32. Nf5 Nxf5 33. exf5 f6 34. Rh1 Rh8
35. h4 Kg7 36. Kg1 Qf7 37. h5 Rhe8 38. Kh2 Re7 39. Rd1 Ree8 40. Kg3 Ra4 41. Qe4
Rea8 42. Rf3 Qd7 43. Rc1 Qf7 44. Re3 Rc8 45. Qf3 Qg8 46. Rd1 Qf7 47. Rd2 Qd7
48. Qd1 Raa8 49. f3 Qf7 50. Re4 Rd8 51. Qb3 Qg8 52. a4 c6 53. Bc3 cxd5 54. cxd5
Rac8 55. Bb2 Rd7 56. Rc4 Rdc7 57. Rxc7+ Rxc7 58. Ba3 b5 59. axb5 Qc8 60. b6 Rc3
61. Qa4 Rxf3+ 62. Kh2 Rh3+ 63. Kg1 Rg3+ 64. Kf2 Rg2+ 65. Ke1 Rg1+ 66. Kf2 Nh3+
67. Ke3 Qc3+ 68. Ke2 Nf4+ 0-1

[Event "Bad Woerishofen Sen"]
[Site "Bad Woerishofen"]
[Date "2001.??.??"]
[Round "9"]
[White "Geissler, Dieter"]
[Black "Claus, Joachim"]
[Result "1/2-1/2"]
[WhiteElo "2070"]
[BlackElo "1790"]
[Annotator "ChessOrg"]
[PlyCount "54"]
[EventDate "1998.03.05"]
[Source "ChessBase"]
[SourceDate "1998.04.29"]

1. e4 d5 2. exd5 Nf6 3. d4 Nxd5 4. Nf3 Bg4 5. Bc4 e6 6. O-O Be7 7. h3 Bh5 8.
Be2 Nd7 9. c4 N5f6 10. Qb3 Qc8 11. Nc3 O-O 12. Be3 c6 13. Rad1 Qc7 14. Rd2 Rad8
15. g3 Bd6 16. Kg2 b6 17. Rfd1 Qb7 18. c5 Bc7 19. g4 Bg6 20. Bd3 Bxd3 21. Rxd3
Bb8 22. Bg5 Rde8 23. Re3 h6 24. Bh4 Bf4 25. Ree1 Qc7 26. cxb6 axb6 27. Ne2 Nd5
1/2-1/2

[Event "Bad Woerishofen Sen"]
[Site "Bad Woerishofen"]
[Date "2001.??.??"]
[Round "2"]
[White "Gensbauer, Viktor"]
[Black "Wild, Gerhard"]
[Result "1/2-1/2"]
[WhiteElo "1778"]
[BlackElo "1996"]
[Annotator "ChessOrg"]
[PlyCount "25"]
[EventDate "1998.03.05"]
[Source "ChessBase"]
[SourceDate "1998.04.29"]

1. e4 c5 2. Nf3 e6 3. Bd3 a6 4. c3 d6 5. Bc2 Nf6 6. d4 cxd4 7. cxd4 Be7 8. Nc3
O-O 9. O-O b5 10. e5 dxe5 11. dxe5 Qxd1 12. Rxd1 Nfd7 13. Be4 1/2-1/2

[Event "Bad Woerishofen Sen"]
[Site "Bad Woerishofen"]
[Date "2001.??.??"]
[Round "4"]
[White "Gensbauer, Viktor"]
[Black "Janssen, Helmut"]
[Result "1/2-1/2"]
[WhiteElo "1778"]
[BlackElo "1900"]
[Annotator "ChessOrg"]
[PlyCount "59"]
[EventDate "1998.03.05"]
[Source "ChessBase"]
[SourceDate "1998.04.29"]

1. e4 c5 2. Nf3 d6 3. Bd3 Nc6 4. c3 Bg4 5. Bc2 Nf6 6. d3 e5 7. O-O Be7 8. Nbd2
O-O 9. Re1 a6 10. Nf1 Re8 11. Ne3 Bf8 12. Nxg4 Nxg4 13. Bb3 Qd7 14. h3 Nf6 15.
Bg5 Na5 16. Bc2 Be7 17. Qe2 h6 18. Bd2 Nh7 19. Rac1 Nc6 20. Nh2 Bg5 21. Nf1
Bxd2 22. Qxd2 Ng5 23. Bb3 Rac8 24. Red1 b5 25. Ne3 Ne7 26. Qe2 Ng6 27. Nd5 Nf4
28. Nxf4 exf4 29. f3 Qe7 30. Qd2 1/2-1/2

[Event "Bad Woerishofen Sen"]
[Site "Bad Woerishofen"]
[Date "2001.??.??"]
[Round "6"]
[White "Gensbauer, Viktor"]
[Black "Heissenboettel, Hans"]
[Result "1/2-1/2"]
[WhiteElo "1778"]
[BlackElo "1950"]
[Annotator "ChessOrg"]
[PlyCount "45"]
[EventDate "1998.03.05"]
[Source "ChessBase"]
[SourceDate "1998.04.29"]

1. e4 c5 2. Nf3 d6 3. Bd3 Nc6 4. c3 g6 5. Bc2 Bg7 6. O-O Bg4 7. d4 cxd4 8. cxd4
Qb6 9. d5 Nd4 10. Nc3 Nxc2 11. Qxc2 Rc8 12. Bd2 Nf6 13. Rfe1 O-O 14. Rac1 Qa6
15. Be3 b5 16. a3 Qb7 17. Qd2 a5 18. Bd4 Rfd8 19. Qd3 b4 20. Nb1 e6 21. axb4
axb4 22. dxe6 Bxe6 23. Nbd2 1/2-1/2

[Event "Bad Woerishofen Sen"]
[Site "Bad Woerishofen"]
[Date "2001.??.??"]
[Round "8"]
[White "Gensbauer, Viktor"]
[Black "Leschhorn, Heinrich"]
[Result "1/2-1/2"]
[WhiteElo "1778"]
[BlackElo "1821"]
[Annotator "ChessOrg"]
[PlyCount "62"]
[EventDate "1998.03.05"]
[Source "ChessBase"]
[SourceDate "1998.04.29"]

1. e4 Nf6 2. e5 Nd5 3. c4 Nb6 4. d4 d6 5. exd6 exd6 6. Nf3 Bg4 7. Be2 Be7 8.
Nc3 O-O 9. Qd3 Re8 10. O-O Nc6 11. Be3 Bh5 12. b3 Bg6 13. Qd2 Bf6 14. Rac1 Qd7
15. Rfd1 Rad8 16. Bd3 Bh5 17. Be2 Ne7 18. Bg5 Bxg5 19. Nxg5 Bxe2 20. Nxe2 Ng6
21. Nf3 Qg4 22. h3 Qf5 23. Ng3 Qf4 24. Kf1 Qxd2 25. Rxd2 Nd7 26. d5 Nde5 27.
Nd4 a6 28. Rcd1 Nf4 29. Nge2 Nxe2 30. Rxe2 Nd7 31. Rxe8+ Rxe8 1/2-1/2

[Event "Bad Woerishofen Sen"]
[Site "Bad Woerishofen"]
[Date "2001.??.??"]
[Round "9"]
[White "Gensbauer, Viktor"]
[Black "Peters, Paul"]
[Result "0-1"]
[WhiteElo "1778"]
[BlackElo "1950"]
[Annotator "ChessOrg"]
[PlyCount "88"]
[EventDate "1998.03.05"]
[Source "ChessBase"]
[SourceDate "1998.04.29"]

1. e4 d5 2. exd5 Nf6 3. Nc3 Nxd5 4. Nf3 Bg4 5. d4 e6 6. Be2 Bb4 7. Bd2 O-O 8.
O-O Nf6 9. a3 Be7 10. Be3 c6 11. Ne5 Bxe2 12. Qxe2 Nbd7 13. Rad1 Nb6 14. Bc1
Nbd5 15. Ne4 Nxe4 16. Qxe4 Nf6 17. Qe2 Qc7 18. h3 Rad8 19. c3 h6 20. Rfe1 Bd6
21. Qf3 Qe7 22. Nc4 Bc7 23. Bf4 Bxf4 24. Qxf4 Nd5 25. Qe4 Qg5 26. Qe5 Rfe8 27.
Qxg5 hxg5 28. g3 f6 29. Re2 Kf7 30. Rde1 b6 31. Nd2 Nc7 32. Nf3 Rd5 33. Kg2 b5
34. Nd2 c5 35. dxc5 Rxc5 36. Nb3 Rd5 37. Rd2 Rxd2 38. Nxd2 Rd8 39. Re2 e5 40.
Nf3 Ne6 41. Rd2 e4 42. Nd4 f5 43. Nb3 Rxd2 44. Nxd2 Nc5 0-1

[Event "Bad Woerishofen Sen"]
[Site "Bad Woerishofen"]
[Date "2001.??.??"]
[Round "2"]
[White "Gestrich, Wolfgang"]
[Black "Neumann, Erwin"]
[Result "0-1"]
[WhiteElo "1594"]
[BlackElo "1794"]
[Annotator "ChessOrg"]
[PlyCount "54"]
[EventDate "1998.03.05"]
[Source "ChessBase"]
[SourceDate "1998.04.29"]

1. c4 Nf6 2. Nc3 d5 3. cxd5 Nxd5 4. d4 e6 5. g3 b6 6. Bg2 Bb7 7. Nf3 Nd7 8. O-O
Be7 9. a3 O-O 10. h4 N7f6 11. Qd3 h6 12. Re1 Rc8 13. Nh2 c5 14. dxc5 Bxc5 15.
b4 Bxf2+ 16. Kxf2 Rxc3 17. Qd2 Qc7 18. Bxd5 Qxg3+ 19. Kf1 Bxd5 20. e3 Rfc8 21.
Re2 Bc4 22. Bb2 Bxe2+ 23. Qxe2 Rc2 24. Qf3 Qxf3+ 25. Nxf3 Rxb2 26. Ne1 Ng4 27.
e4 Rc3 0-1

[Event "Bad Woerishofen Sen"]
[Site "Bad Woerishofen"]
[Date "2001.??.??"]
[Round "5"]
[White "Gestrich, Wolfgang"]
[Black "Eichinger, Adolf"]
[Result "1/2-1/2"]
[WhiteElo "1594"]
[BlackElo "1700"]
[Annotator "ChessOrg"]
[PlyCount "24"]
[EventDate "1998.03.05"]
[Source "ChessBase"]
[SourceDate "1998.04.29"]

1. c4 Nf6 2. Nc3 d5 3. cxd5 Nxd5 4. g3 e5 5. Bg2 Be6 6. Qa4+ c6 7. e4 Nb6 8.
Qc2 Be7 9. d3 O-O 10. Nge2 N8d7 11. O-O Qc7 12. Be3 Rad8 1/2-1/2

[Event "Bad Woerishofen Sen"]
[Site "Bad Woerishofen"]
[Date "2001.??.??"]
[Round "6"]
[White "Gestrich, Wolfgang"]
[Black "Block, Herbert"]
[Result "1-0"]
[WhiteElo "1594"]
[BlackElo "1700"]
[Annotator "ChessOrg"]
[PlyCount "159"]
[EventDate "1998.03.05"]
[Source "ChessBase"]
[SourceDate "1998.04.29"]

1. c4 c5 2. Nc3 d6 3. g3 Bd7 4. Bg2 Bc6 5. e4 e5 6. Nge2 Nf6 7. d3 Be7 8. O-O
Bd7 9. h3 Qc8 10. Kh2 Nc6 11. f4 O-O 12. f5 Nd4 13. g4 h6 14. Nxd4 cxd4 15. Ne2
Nh7 16. Qe1 Qd8 17. Bd2 Bh4 18. Qc1 Rc8 19. a4 a6 20. b3 Nf6 21. Ng1 Nh7 22.
Nf3 Bg5 23. Nxg5 Nxg5 24. Kg3 f6 25. h4 Nh7 26. b4 b6 27. b5 a5 28. Rh1 Qe8 29.
Qa3 Rc5 30. Rh2 Kh8 31. Rah1 Rg8 32. Qc1 g6 33. Kf3 h5 34. Bh3 Qf7 35. gxh5
gxf5 36. Rg1 Qxh5+ 37. Kf2 Qxh4+ 38. Ke2 Qh5+ 39. Kf2 Qh4+ 40. Ke2 Rcc8 41.
Rhh1 Qh5+ 42. Kf2 Rg7 43. Bxf5 Qf7 44. Rxg7 Qxg7 45. Rxh7+ Qxh7 46. Bxh7 Kxh7
47. Qh1+ Kg7 48. Qh6+ Kf7 49. Qh5+ Ke7 50. Kf3 Be6 51. Qh7+ Bf7 52. Bh6 Rg8 53.
Kf2 Re8 54. Kg3 Rg8+ 55. Kf2 Rc8 56. Bd2 Rg8 57. Be1 Kf8 58. Qf5 Ke7 59. Qh3
Be6 60. Qh7+ Bf7 61. Kf3 Rg1 62. Bh4 Rg6 63. Qh8 Be6 64. Qb8 Bg4+ 65. Kf2 Rh6
66. Qc7+ Bd7 67. Bg3 Rh1 68. Qxb6 Rd1 69. Qxa5 Rxd3 70. b6 Rb3 71. Ke2 Bc6 72.
Qa7+ Ke6 73. Be1 Bxe4 74. a5 Rb2+ 75. Bd2 Bc6 76. Qc7 Bd7 77. b7 e4 78. b8=Q
Rxb8 79. Qxb8 Ke5 80. a6 1-0

[Event "Bad Woerishofen Sen"]
[Site "Bad Woerishofen"]
[Date "2001.??.??"]
[Round "8"]
[White "Gestrich, Wolfgang"]
[Black "Meyts, Jozef"]
[Result "1-0"]
[WhiteElo "1594"]
[BlackElo "1700"]
[Annotator "ChessOrg"]
[PlyCount "89"]
[EventDate "1998.03.05"]
[Source "ChessBase"]
[SourceDate "1998.04.29"]

1. c4 Nf6 2. Nc3 e6 3. g3 Bb4 4. Qb3 a5 5. a3 Bxc3 6. Qxc3 c5 7. Bg2 Nc6 8. e3
O-O 9. Ne2 d5 10. d3 Qd6 11. b3 a4 12. bxa4 Rxa4 13. Qb3 Ra6 14. Bb2 Na5 15.
Qc2 dxc4 16. dxc4 Qe7 17. O-O Bd7 18. Rfd1 Bc6 19. f3 b6 20. Rd3 Nb7 21. e4 b5
22. cxb5 Bxb5 23. Re3 Na5 24. Rc1 Nc4 25. Bxf6 Qxf6 26. e5 Qe7 27. Re4 Nxa3 28.
Qxc5 Qxc5+ 29. Rxc5 Bd3 30. Re3 Bxe2 31. Rxe2 g6 32. Ra2 Rd8 33. Rc3 Rda8 34.
Bf1 Ra5 35. f4 Kg7 36. Kf2 R8a7 37. h4 h5 38. Bd3 Nb1 39. Rxa5 Rxa5 40. Bxb1
Rb5 41. Bd3 Rb2+ 42. Rc2 Rxc2+ 43. Bxc2 f6 44. exf6+ Kxf6 45. Kf3 1-0

[Event "Bad Woerishofen Sen"]
[Site "Bad Woerishofen"]
[Date "2001.??.??"]
[Round "2"]
[White "Girod, Gudrun"]
[Black "Garbe, Heinz"]
[Result "1/2-1/2"]
[WhiteElo "1385"]
[BlackElo "1700"]
[Annotator "ChessOrg"]
[PlyCount "142"]
[EventDate "1998.03.05"]
[Source "ChessBase"]
[SourceDate "1998.04.29"]

1. d4 Nf6 2. Nf3 g6 3. Bf4 d6 4. h3 Bg7 5. e3 O-O 6. Be2 Nbd7 7. Nbd2 a6 8. e4
b5 9. O-O Bb7 10. Bd3 Rc8 11. c3 c5 12. Rc1 Re8 13. Re1 e5 14. Bg5 Qb6 15. d5
c4 16. Bb1 Nc5 17. Be3 Qd8 18. Bxc5 Rxc5 19. b3 cxb3 20. axb3 Qb6 21. c4 b4 22.
Bd3 Rec8 23. Nf1 Ra5 24. Ra1 Rcc5 25. Re2 Rxa1 26. Qxa1 Ra5 27. Ra2 Rxa2 28.
Qxa2 Bc8 29. g4 Nd7 30. Qa4 Bf8 31. Qa1 Nc5 32. Bc2 Bg7 33. Kg2 Bd7 34. N1d2 a5
35. Qe1 Qa6 36. Qe3 h6 37. g5 h5 38. h4 a4 39. bxa4 Bxa4 40. Bxa4 Qxa4 41. Qe1
b3 42. Qb1 Qa3 43. Ne1 Bf8 44. Nd3 Qa2 45. Nxc5 Qxb1 46. Nxb1 dxc5 47. f3 Bd6
48. Nc3 b2 49. Kf2 Bc7 50. Ke2 Ba5 51. Nb1 Kf8 52. Kd1 Ke7 53. Kc2 Be1 54. Kxb2
Bxh4 55. Kc2 Bxg5 56. Kd1 Be3 57. Ke2 Bc1 58. Kf1 g5 59. Kg2 f6 60. Nc3 Be3 61.
Ne2 Bf4 62. Nc3 Bd2 63. Ne2 h4 64. Kh3 Kd6 65. Kg4 Ke7 66. Ng1 Ba5 67. Nh3 Kd6
68. Ng1 Ke7 69. Ne2 Bd2 70. Ng1 Kf7 71. Ne2 Kg6 1/2-1/2

[Event "Bad Woerishofen Sen"]
[Site "Bad Woerishofen"]
[Date "2001.??.??"]
[Round "4"]
[White "Girod, Gudrun"]
[Black "Block, Herbert"]
[Result "0-1"]
[WhiteElo "1385"]
[BlackElo "1700"]
[Annotator "ChessOrg"]
[PlyCount "52"]
[EventDate "1998.03.05"]
[Source "ChessBase"]
[SourceDate "1998.04.29"]

1. d4 d5 2. Nf3 b6 3. Bf4 e6 4. e3 Bd6 5. Bxd6 Qxd6 6. c3 Nf6 7. Nbd2 O-O 8.
Bd3 Nbd7 9. e4 dxe4 10. Nxe4 Nxe4 11. Bxe4 Rb8 12. O-O Nf6 13. Bd3 Bb7 14. Be2
Ne4 15. Nd2 Qf4 16. Nxe4 Bxe4 17. Bd3 f5 18. Bc4 Rf6 19. g3 Qg5 20. Bd3 Rbf8
21. h4 Qg6 22. Kh2 f4 23. Bxe4 Qxe4 24. Kh3 fxg3 25. Rg1 gxf2 26. Rxg7+ Kxg7
0-1

[Event "Bad Woerishofen Sen"]
[Site "Bad Woerishofen"]
[Date "2001.??.??"]
[Round "2"]
[White "Gmeinwieser, Helmut"]
[Black "Forth, Bernhard"]
[Result "1/2-1/2"]
[WhiteElo "1687"]
[BlackElo "1895"]
[Annotator "ChessOrg"]
[PlyCount "56"]
[EventDate "1998.03.05"]
[Source "ChessBase"]
[SourceDate "1998.04.29"]

1. e4 c5 2. f4 Nc6 3. Nf3 e6 4. Bb5 Nge7 5. Nc3 a6 6. Be2 d5 7. e5 Nf5 8. a3
Ncd4 9. O-O Bd7 10. Nxd4 Nxd4 11. d3 Qb6 12. Kh1 Be7 13. Rb1 O-O 14. Bf3 Bc6
15. Bg4 Nf5 16. Bxf5 exf5 17. Ne2 d4 18. h3 Bd5 19. Kh2 Qc6 20. Rg1 b5 21. b4
Rac8 22. Bd2 Rfd8 23. Rc1 Be6 24. bxc5 Bxc5 25. Bb4 Qd5 26. Rf1 Bf8 27. Ng1 Qa2
28. Qd2 Bxb4 1/2-1/2

[Event "Bad Woerishofen Sen"]
[Site "Bad Woerishofen"]
[Date "2001.??.??"]
[Round "3"]
[White "Gmeinwieser, Helmut"]
[Black "Fleckner, Hans"]
[Result "0-1"]
[WhiteElo "1687"]
[BlackElo "1830"]
[Annotator "ChessOrg"]
[PlyCount "56"]
[EventDate "1998.03.05"]
[Source "ChessBase"]
[SourceDate "1998.04.29"]

1. e4 c5 2. f4 g6 3. Nf3 Bg7 4. Nc3 Nc6 5. Bc4 e6 6. O-O Nge7 7. d3 O-O 8. Rb1
a6 9. a3 d5 10. exd5 exd5 11. Ba2 b5 12. Ne2 Nf5 13. c3 Re8 14. d4 c4 15. Ne5
Qc7 16. Rf3 f6 17. Nxc6 Qxc6 18. Ng3 Nxg3 19. Rxg3 Ra7 20. Re3 Rae7 21. Rxe7
Rxe7 22. Bd2 Qe8 23. Kf2 Bf5 24. Rc1 Bd3 25. Bb1 Re2+ 26. Kg3 Qe4 27. Qg1 Rxd2
28. Bxd3 Rxd3+ 0-1

[Event "Bad Woerishofen Sen"]
[Site "Bad Woerishofen"]
[Date "2001.??.??"]
[Round "5"]
[White "Gmeinwieser, Helmut"]
[Black "Storkebaum, Karl-Heinz"]
[Result "1/2-1/2"]
[WhiteElo "1687"]
[BlackElo "1801"]
[Annotator "ChessOrg"]
[PlyCount "54"]
[EventDate "1998.03.05"]
[Source "ChessBase"]
[SourceDate "1998.04.29"]

1. e4 c5 2. f4 e6 3. Nf3 d5 4. exd5 exd5 5. Bb5+ Nc6 6. Qe2+ Be7 7. Bxc6+ bxc6
8. O-O Bg4 9. h3 Bxf3 10. Rxf3 Nf6 11. Re3 d4 12. Rf3 O-O 13. c4 Bd6 14. d3 Re8
15. Qf2 Rb8 16. Na3 Rb7 17. Kf1 Bc7 18. b3 Ba5 19. Bd2 Rbe7 20. Rd1 Bb4 21. Nb1
a5 22. g4 Nd7 23. a4 Qb8 24. Qg2 Bxd2 25. Nxd2 Qb4 26. Rb1 Kh8 27. Ne4 Nf6
1/2-1/2

[Event "Bad Woerishofen Sen"]
[Site "Bad Woerishofen"]
[Date "2001.??.??"]
[Round "7"]
[White "Gmeinwieser, Helmut"]
[Black "Eisenhuth, Matthias"]
[Result "1-0"]
[WhiteElo "1687"]
[BlackElo "1712"]
[Annotator "ChessOrg"]
[PlyCount "77"]
[EventDate "1998.03.05"]
[Source "ChessBase"]
[SourceDate "1998.04.29"]

1. e4 d5 2. exd5 Qxd5 3. Nc3 Qa5 4. d4 c6 5. Bc4 Bf5 6. Nf3 Nf6 7. O-O e6 8.
Re1 Nbd7 9. Bd2 Qc7 10. a3 Bd6 11. h3 h6 12. b4 Nb6 13. Bb3 O-O 14. Ne5 Bxe5
15. dxe5 Nfd5 16. Nxd5 cxd5 17. Be3 Nc4 18. Bd4 b6 19. Qe2 Rfc8 20. c3 Qe7 21.
Bxc4 Rxc4 22. Qe3 Rac8 23. a4 Qd8 24. Rec1 Ra8 25. a5 bxa5 26. Rxa5 Kh7 27.
Rca1 Qh4 28. Rxa7 Rxa7 29. Rxa7 Qh5 30. g4 Bxg4 31. hxg4 Qxg4+ 32. Qg3 Qxg3+
33. fxg3 Kg6 34. Ra5 Rc8 35. b5 Kf5 36. b6 f6 37. exf6 gxf6 38. b7 Rb8 39. Rb5
1-0

[Event "Bad Woerishofen Sen"]
[Site "Bad Woerishofen"]
[Date "2001.??.??"]
[Round "9"]
[White "Gmeinwieser, Helmut"]
[Black "Turboust, Roger"]
[Result "0-1"]
[WhiteElo "1687"]
[BlackElo "1790"]
[Annotator "ChessOrg"]
[PlyCount "58"]
[EventDate "1998.03.05"]
[Source "ChessBase"]
[SourceDate "1998.04.29"]

1. e4 e5 2. Nc3 Nf6 3. Bc4 Be7 4. f4 d6 5. Nf3 Nc6 6. O-O O-O 7. d3 Bg4 8. Ne2
exf4 9. Bxf4 Bxf3 10. Rxf3 Ne5 11. Bxe5 dxe5 12. c3 Bc5+ 13. d4 exd4 14. cxd4
Qe7 15. dxc5 Rad8 16. Qc2 Qxc5+ 17. Kh1 Qg5 18. Nf4 Ng4 19. Raf1 Qh6 20. Rh3
Qb6 21. e5 g6 22. Qe2 Rd4 23. b3 h5 24. e6 Rxc4 25. bxc4 fxe6 26. Qxe6+ Qxe6
27. Rhf3 Qxc4 28. h3 Ne5 29. Nxg6 Qxf1+ 0-1

[Event "Bad Woerishofen Sen"]
[Site "Bad Woerishofen"]
[Date "2001.??.??"]
[Round "2"]
[White "Greifzu, Helmut"]
[Black "Niebaum, Karl"]
[Result "1-0"]
[WhiteElo "2048"]
[BlackElo "1783"]
[Annotator "ChessOrg"]
[PlyCount "111"]
[EventDate "1998.03.05"]
[Source "ChessBase"]
[SourceDate "1998.04.29"]

1. d4 d5 2. Nf3 Nf6 3. c4 c6 4. e3 e6 5. Nc3 Nbd7 6. Qc2 Bd6 7. Bd2 O-O 8.
O-O-O dxc4 9. Bxc4 c5 10. Nb5 Nb6 11. dxc5 Bxc5 12. Bc3 Qe7 13. Be5 Nxc4 14.
Qxc4 Bd7 15. Bxf6 gxf6 16. Qg4+ Kh8 17. Nc3 Rac8 18. Kb1 b5 19. Qh4 Bc6 20. Ne4
Bxe4+ 21. Qxe4 Rc7 22. Nd4 a6 23. Nb3 Bb6 24. Rc1 Rd8 25. Rhd1 Rxc1+ 26. Rxc1
a5 27. Qc6 Qa7 28. Qxb5 a4 29. Nc5 Rd5 30. Qe8+ Kg7 31. Nxa4 Rd2 32. Qb5 Bc7
33. Qc4 Be5 34. Qg4+ Kh6 35. Rc2 Qa5 36. Qc4 Rd1+ 37. Rc1 Rxc1+ 38. Kxc1 Qe1+
39. Kc2 Qxf2+ 40. Kb3 Qxe3+ 41. Nc3 Qb6+ 42. Kc2 Qf2+ 43. Qe2 Qxe2+ 44. Nxe2
Bd6 45. a4 e5 46. a5 f5 47. a6 Bb8 48. b4 Kg5 49. b5 Ba7 50. Nc3 e4 51. Nd5 f4
52. b6 f3 53. gxf3 Bxb6 54. Nxb6 exf3 55. Kd1 Kh4 56. Ke1 1-0

[Event "Bad Woerishofen Sen"]
[Site "Bad Woerishofen"]
[Date "2001.??.??"]
[Round "4"]
[White "Greifzu, Helmut"]
[Black "Marzluf, Dieter"]
[Result "1-0"]
[WhiteElo "2048"]
[BlackElo "1811"]
[Annotator "ChessOrg"]
[PlyCount "55"]
[EventDate "1998.03.05"]
[Source "ChessBase"]
[SourceDate "1998.04.29"]

1. d4 e6 2. Nf3 d5 3. c4 c6 4. Nc3 Nf6 5. e3 Bd6 6. Qc2 Nbd7 7. Bd2 O-O 8.
O-O-O a5 9. e4 Ng4 10. Bg5 f6 11. Bh4 Be7 12. h3 Nh6 13. exd5 Nb6 14. Bd3 cxd5
15. c5 Nd7 16. Rhe1 f5 17. Bxe7 Qxe7 18. Nxd5 Qd8 19. Nf4 Nf6 20. Nxe6 Bxe6 21.
Rxe6 Nd5 22. Rd6 Qxd6 23. cxd6 Rac8 24. Bc4 Nf7 25. d7 Rc7 26. Bxd5 Rxc2+ 27.
Kxc2 Kh8 28. Bxf7 1-0

[Event "Bad Woerishofen Sen"]
[Site "Bad Woerishofen"]
[Date "2001.??.??"]
[Round "6"]
[White "Greifzu, Helmut"]
[Black "Fahnenschmidt, Gerhard"]
[Result "0-1"]
[WhiteElo "2048"]
[BlackElo "2270"]
[Annotator "ChessOrg"]
[PlyCount "90"]
[EventDate "1998.03.05"]
[Source "ChessBase"]
[SourceDate "1998.04.29"]

1. g3 c5 2. Bg2 d5 3. Nf3 Nc6 4. d4 Nf6 5. O-O cxd4 6. Nxd4 e5 7. Nxc6 bxc6 8.
c4 Be6 9. cxd5 Bxd5 10. Nc3 Bxg2 11. Kxg2 Qb6 12. Qc2 Be7 13. e4 h5 14. Be3 Qb7
15. h3 h4 16. g4 Nd7 17. f3 Bc5 18. Bxc5 Nxc5 19. Rfd1 Ne6 20. Ne2 O-O 21. Rd2
Rfd8 22. Rad1 Rxd2 23. Rxd2 Qb6 24. Qc3 Qb5 25. b3 a5 26. Qe3 Qb4 27. Nc3 Qa3
28. Qg1 a4 29. Qb1 Qb4 30. Qb2 a3 31. Qc2 Nd4 32. Qd3 Rd8 33. Qe3 Rd6 34. Rd3
Rf6 35. Qd2 Qc5 36. Ne2 Rd6 37. f4 Nxb3 38. Qd1 Rxd3 39. Qxd3 Nd4 40. f5 Nxe2
41. Qxe2 Qc3 42. Qf2 Qb2 43. Kf3 f6 44. Qc5 Qh2 45. Qc4+ Kh7 0-1

[Event "Bad Woerishofen Sen"]
[Site "Bad Woerishofen"]
[Date "2001.??.??"]
[Round "8"]
[White "Greifzu, Helmut"]
[Black "Dunkel, Horst"]
[Result "1-0"]
[WhiteElo "2048"]
[BlackElo "1700"]
[Annotator "ChessOrg"]
[PlyCount "59"]
[EventDate "1998.03.05"]
[Source "ChessBase"]
[SourceDate "1998.04.29"]

1. d4 e6 2. Nf3 Nf6 3. g3 d5 4. c4 h6 5. Bg2 Bb4+ 6. Bd2 Bxd2+ 7. Nbxd2 O-O 8.
Qc2 c6 9. O-O Nbd7 10. Rad1 Qe7 11. e4 dxc4 12. Nxc4 Rb8 13. Rfe1 Qd8 14. Nfe5
Nb6 15. b3 Qc7 16. Ne3 Rd8 17. f4 Nbd7 18. Bf3 Nf8 19. Kg2 Qa5 20. N5c4 Qc7 21.
e5 Nd5 22. Nd6 Qe7 23. Be4 f5 24. Bxd5 cxd5 25. Rc1 g5 26. Kh1 b6 27. b4 Bb7
28. Qc7 Rd7 29. Qxb8 gxf4 30. gxf4 1-0

[Event "Bad Woerishofen Sen"]
[Site "Bad Woerishofen"]
[Date "2001.??.??"]
[Round "2"]
[White "Gretzer, Otmar"]
[Black "Wendel, Walter"]
[Result "1-0"]
[WhiteElo "2186"]
[BlackElo "1418"]
[Annotator "ChessOrg"]
[PlyCount "97"]
[EventDate "1998.03.05"]
[Source "ChessBase"]
[SourceDate "1998.04.29"]

1. e4 c5 2. Nf3 e6 3. d4 cxd4 4. Nxd4 a6 5. c4 Ne7 6. Nc3 d6 7. Be2 Bd7 8. O-O
Nc8 9. Be3 Nc6 10. f4 Be7 11. Qd2 Bf6 12. Nf3 O-O 13. Rad1 e5 14. c5 Bg4 15.
cxd6 Bxf3 16. Bxf3 Nd4 17. Bxd4 exd4 18. Nd5 Nxd6 19. e5 Nf5 20. exf6 gxf6 21.
Qd3 Ne3 22. Nxe3 dxe3 23. Qxe3 Qe8 24. Be4 Kh8 25. Qd4 Qe7 26. Bb1 Rg8 27. Qe4
Qc5+ 28. Kh1 Rg7 29. Rd3 Rag8 30. Rh3 Rg6 31. Qxb7 Qc4 32. Bd3 Qxa2 33. Bxg6
Rxg6 34. Rc1 Kg7 35. Rg3 Qa4 36. Rxg6+ hxg6 37. Qf3 Qb5 38. b3 Qb4 39. h4 Qd2
40. Rd1 Qa5 41. f5 Qb4 42. fxg6 Kxg6 43. Qg3+ Kh7 44. Rf1 Qd4 45. Kh2 a5 46.
Rf5 Qd1 47. Rxf6 Qh5 48. Qf3 Qe5+ 49. Qf4 1-0

[Event "Bad Woerishofen Sen"]
[Site "Bad Woerishofen"]
[Date "2001.??.??"]
[Round "4"]
[White "Gretzer, Otmar"]
[Black "Rahn, Oskar"]
[Result "1-0"]
[WhiteElo "2186"]
[BlackElo "2055"]
[Annotator "ChessOrg"]
[PlyCount "43"]
[EventDate "1998.03.05"]
[Source "ChessBase"]
[SourceDate "1998.04.29"]

1. e4 e5 2. Nf3 Nc6 3. d4 exd4 4. Bc4 Nf6 5. O-O Nxe4 6. Re1 d5 7. Bxd5 Qxd5 8.
Nc3 Qa5 9. Nxd4 Nxd4 10. Qxd4 f5 11. Bd2 Qc5 12. Qa4+ Bd7 13. Nxe4 fxe4 14.
Qxe4+ Kf7 15. Qxb7 Bd6 16. Qb3+ Kg6 17. Re6+ Bxe6 18. Qxe6+ Kh5 19. Qf7+ Kh4
20. g3+ Bxg3 21. hxg3+ Kg4 22. Kg2 1-0

[Event "Bad Woerishofen Sen"]
[Site "Bad Woerishofen"]
[Date "2001.??.??"]
[Round "5"]
[White "Gretzer, Otmar"]
[Black "Kristiansen, Erling"]
[Result "1/2-1/2"]
[WhiteElo "2186"]
[BlackElo "2214"]
[Annotator "ChessOrg"]
[PlyCount "100"]
[EventDate "1998.03.05"]
[Source "ChessBase"]
[SourceDate "1998.04.29"]

1. e4 e5 2. Nf3 Nc6 3. d4 exd4 4. Bc4 Bc5 5. c3 d3 6. Qxd3 a6 7. Bg5 Nge7 8.
O-O O-O 9. h3 Kh8 10. Nbd2 f6 11. Be3 Bb6 12. Nd4 Ne5 13. Qe2 d5 14. exd5 Nxd5
15. Bxd5 Qxd5 16. a3 Bd7 17. c4 Qf7 18. f4 Nc6 19. Nxc6 Bxe3+ 20. Qxe3 Bxc6 21.
Rfe1 Rad8 22. Rad1 Qg6 23. Nf3 Rxd1 24. Rxd1 Qc2 25. Qd4 Bxf3 26. gxf3 Qe2 27.
Rf1 Re8 28. Rf2 Qe1+ 29. Kh2 h6 30. Rg2 Qh4 31. Rg4 Qe1 32. Rg2 Qc1 33. Kg3 b6
34. Qd7 Qe1+ 35. Kh2 Qe7 36. Qxe7 Rxe7 37. Rd2 Kh7 38. Kg3 Kg6 39. Kg4 f5+ 40.
Kg3 Kf6 41. h4 h5 42. Kf2 a5 43. b4 axb4 44. axb4 Re6 45. Rd7 Rc6 46. Rd4 Ke7
47. Ke3 Re6+ 48. Kd2 c5 49. bxc5 bxc5 50. Rd5 Rd6 1/2-1/2

[Event "Bad Woerishofen Sen"]
[Site "Bad Woerishofen"]
[Date "2001.??.??"]
[Round "7"]
[White "Gretzer, Otmar"]
[Black "Schmid, Hermann"]
[Result "1/2-1/2"]
[WhiteElo "2186"]
[BlackElo "2171"]
[Annotator "ChessOrg"]
[PlyCount "51"]
[EventDate "1998.03.05"]
[Source "ChessBase"]
[SourceDate "1998.04.29"]

1. e4 g6 2. d4 Bg7 3. Nf3 d6 4. Nc3 Bg4 5. Be2 Nc6 6. Be3 e5 7. dxe5 Bxf3 8.
Bxf3 Nxe5 9. Be2 Nf6 10. Qd2 a6 11. O-O O-O 12. Rad1 Qd7 13. h3 Qe6 14. Nd5
Rfe8 15. Nxf6+ Bxf6 16. f3 Nc4 17. Bxc4 Qxc4 18. b3 Qc3 19. Qxc3 Bxc3 20. Bd4
Bxd4+ 21. Rxd4 Re7 22. Rfd1 Rae8 23. Rd5 Re5 24. Kf2 f5 25. Rxe5 Rxe5 26. exf5
1/2-1/2